| 000 | 00486nam a2200181Ia 4500 | ||
|---|---|---|---|
| 008 | 230917s9999||||xx |||||||||||||| ||und|| | ||
| 020 | _cRS1495 | ||
| 040 |
_e224825 _aMAIN |
||
| 041 | _aEnglish | ||
| 082 | _a589.2 W394I(3) | ||
| 100 | _aWebster, John | ||
| 245 | 0 | _aIntroduction to fungi | |
| 250 | _a3rd ed. | ||
| 260 |
_aNew Delhi _bCambridge University Press India _c2007 |
||
| 300 | _axviii, 841 p. | ||
| 500 | _a1967 10/02/2015 PBD11678 11/02/2015 Main Budget | ||
| 942 | _cBK | ||
| 999 |
_c14674 _d14674 |
||